1374 1276 1519 1674 1981 1941 1733 1790 1853 1124 1348 1377 1630 1792 1134 1210 1512 1440 1391 1990 1874 1615 1140 1039 1889 1546 1602 1038 1132 1072 1862 1776 1769 1404 1330 1532 1325 1809 1552 1458 1012 1677 1928 1847 1546 1328 1202 1782 1319 1130 1581 1852 1809 1371 1510 1802 1834 1137 1194 1822 1905 1148 1252 1077 1116 1220 1870 1602 1733 1040 1802 1766 1320 1396 1888 1254 1367 1899 1331 1191 1183 1144 1484 1733 1719 1459 1614 1156 1127 1447 1770 1808 1103 1757 1681 1883 1359 1917 1772 BCNSPRNW ULIB Ver.6.0+V

เปลี่ยนเป็นภาษาไทย

Change to English
 แสดงรายละเอียดบรรณานุกรม
  กลับหน้าหลัก

Brief Record : Get Marc (ISO 2709) : E-mail record : QR code < ปิดหน้าต่าง
LEADER : 00000nam 2200000uu 4500
001    13399110865
003     ULIB
008    110610s2544||||th 000 0 tha d
020    9746117149 (ล.1)
020    9746131028 (ล.2)
060 04 WY16^bส719ป 2544 ล.1
245 00 เอกสารการสอนชุดวิชาประเด็นและแนวโน้มทางการพยาบาล หน่วยที่ 1-7=^bNursing issues and trends/^cละออ หุตางกูร ... [และคนอื่นฯ]
246 31 Nursing issues and trends
250    พิมพ์ครั้งที่ 14
260    นนทบุรี :^bสำนักพิมพ์มหาวิทยาลัยสุโขทัยธรรมาธิราช,^c2544
300    ล.1 มี 459 หน้า :^bภาพประกอบ ;^c30 ซม
500    "เอกสารการสอนชุดวิชา 51303 หน่วยที่ 1-7, 8-15" -- หน้าปกใน
500    สิ่งพิมพ์ของ มหาวิทยาลัยสุโขทัยธรรมาธิราชสาขาวิชาวิทยาศาสตร์สุขภาพ
650  7 การพยาบาล
650  7 จรรยาบรรณพยาบาล
650  7 วิจัย
650  7 พยาบาล
700 0  ละออ หุตางกูร
710 1  มหาวิทยาลัยสุโขทัยธรรมาธิราช. ^bสาขาวิชาวิทยาศาสตร์สุขภาพ
945    ^p0^l0^i14752
945    ^p0^l0^i18325
945    ^p0^l0^i18326
945    ^p0^l0^i18327
995    เกษร
999     ^aใช้งานได้ทุกระบบ
รายการนี้ยังไม่มีแท็ก
คุณยังไม่ได้ล็อกอิน คุณสามารถมีกิจกรรมร่วมกับเว็บไซต์ได้ แต่ต้องล็อกอินก่อน ::
  ล็อกอิน

รายการสื่อสารสนเทศ

ลำดับที่ ประเภท เลขเรียก/บาร์โค้ด สถานที่ สถานะ
1. วิทยาศาสตร์การแพทย์ และสุขภาพ
วิทยาศาสตร์การแพทย์ และสุขภาพ
WY16 ส719ป 2544 ล.1  
  Barcode: 14752
ห้องสมุดวิทยาเขตสวรรค์ประชารักษ์
►นวนิยาย
บนชั้น
  ขอยืม

รายการใกล้เคียง
    หัวเรื่อง [การพยาบาล]
    หัวเรื่อง [จรรยาบรรณพยาบาล]
    หัวเรื่อง [วิจัย]
    หัวเรื่อง [พยาบาล]

BibComment


ยังไม่เคยถูกคอมเมนท์

คอมเมนท์ทรัพยากรรายการนี้
  คอมเมนท์: เอกสารการสอนชุดวิ..


 Copyright 2026. Bcnsprnw @Library